000 00493nam a2200217 454500
001 052868
003 BD-ChCU
008 Eng
020 _a8121917239
040 _aDLC
_cDLC
_dBD-ChCU
082 0 0 _a537.5/M498p
100 1 _aMehta,V.K.
_bMehta, Shalu.
245 1 0 _aPrinciples of electronics
_bx
250 _a8th ed.
260 _aNew Delhi
_bS. Chand,
_c2003
300 _axii,587
504 _aIncludes
650 0 _aElectonics
_bPhysics
700 1 _ax
942 _2ddc
_cBK
999 _c52868
_d52868